Fr. Conceicao Rodrigues College of Engineering

HTML:Begineers Guide (Record no. 24899)

MARC details
000 -LEADER
fixed length control field 00359nam a2200181Ia 4500
082 ## - DEWEY DECIMAL CLASSIFICATION NUMBER
Classification number 4.65
Item number WIL
100 ## - MAIN ENTRY--PERSONAL NAME
Personal name Willard/Wendy
250 ## - EDITION STATEMENT
Edition statement 4
245 ## - TITLE STATEMENT
Title HTML:Begineers Guide
260 ## - PUBLICATION, DISTRIBUTION, ETC.
Name of publisher, distributor, etc. Tata McGraw Hil
Date of publication, distribution, etc. 2009
366 ## - TRADE AVAILABILITY INFORMATION
Publishers's discount category 25
300 ## - PHYSICAL DESCRIPTION
Extent 514
546 ## - LANGUAGE NOTE
Language note ENGLISH
-- PAMPHALETS
650 ## - SUBJECT ADDED ENTRY--TOPICAL TERM
Topical term or geographic name entry element HTML
654 ## - SUBJECT ADDED ENTRY--FACETED TOPICAL TERMS
Focus term HTML
942 ## - ADDED ENTRY ELEMENTS (KOHA)
Koha item type BOOK
Holdings
Withdrawn status Lost status Damaged status Not for loan Collection Home library Current library Date acquired Source of acquisition Cost, normal purchase price Inventory number Total Checkouts Full call number Barcode Date last seen Cost, replacement price Price effective from Koha item type
        CRC Fr. Agnel's C.Rodrigues College of Engineering Fr. Agnel's C.Rodrigues College of Engineering 17/03/2023 Dharma Enterprises 371.25 524 dt 29/04/2010   4.65 WIL 20545 17/03/2023 495.00   BOOK